01131nam a22003251i 4500001001300000005001700013006001900030007001500049008004100064020001800105020002800123035001000151040003100161050002200192082001600214100004100230245005400271250002300325264004900348300006500397336002600462337002600488338003600514490007200550504004100622650002100663650001300684830006700697856004100764bslw1005525120240305165651.0m o d cr un ---uuuua230530s2015 ck ad ob 000 0 spa d a9789587712926 a9789587712889q(e-book) a38410 aUtOrBLWbengerdacUtOrBLW 4aHG4551b.C67 201504a332.6422231 aCórdoba Padilla, Marcial,eauthor.10aMercado de valores /cMarcial Córdoba Padilla.  aPrimera edición. 1aBogotá, Colombia :bEcoe Ediciones,c2015. a1 online resource (xiii, 440 pages) :billustrations, charts atextbtxt2rdacontent acomputerbc2rdamedia aonline resourcebcr2rdacarrier1 aColección: Ciencias Empresariales. Área Contabilidad y Finanzas aIncludes bibliographical references. 0aStock exchanges. 0aFinance. 0aColección: Ciencias Empresariales.pContabilidad y Finanzas.40uhttps://app.vlex.com/#/sources/38410